Science Quiz

Random Science or Minefield Quiz

6x6 Math Grid Puzzle Quiz Stats

 Plays Quiz Updated Feb 1, 2018

Challenge
Share
Tweet
Score 0/12 Timer 06:00
1 Play Today
% Correct
???
69.1%
???
65.7%
???
57.9%
???
56.5%
???
51.1%
???
51.1%
???
46.3%
???
46.2%
???
44.9%
???
43.1%
???
41.5%
???
41.3%

You're not logged in!

Compare scores with friends on all Sporcle quizzes.
Join for Free
OR
Log In

You Might Also Like...

Show Comments

Extras

Top Quizzes Today


Score Distribution

Your Account Isn't Verified!

In order to create a playlist on Sporcle, you need to verify the email address you used during registration. Go to your Sporcle Settings to finish the process.

Report this User

Report this user for behavior that violates our Community Guidelines.

Details: